000 00738nam a2200253Ia 4500
003 OSt
005 20220923214728.0
006 a|||||r|||| 00| 0
007 ta
008 220922b |||||||| |||| 00| 0 hin d
024 _a172,042
037 _cTextual
040 _aARTS
_cARTS
_bhin
041 _2hin
_ahin
082 _aO152,3N331,KJ, K5
100 _aशानी
245 0 _aकाला जल
246 _aKālā jala
260 _aनई दिल्ली
_b राजकमल पेपरबैक्स
_c1987
300 _a307 पृ.
_ccm.
650 _aहिन्दी साहित्य
_9156264
942 _hO152,3N331,KJ, K5
_cTEXL
_2CC
999 _c326166
_d326166